MARC details
| 000 -LEADER |
| fixed length control field |
01413nam a22002657a 4500 |
| 003 - CONTROL NUMBER IDENTIFIER |
| control field |
SEM |
| 005 - DATE AND TIME OF LATEST TRANSACTION |
| control field |
20260428114813.0 |
| 008 - FIXED-LENGTH DATA ELEMENTS--GENERAL INFORMATION |
| fixed length control field |
200813s2000 ai ||||gr||||||01|||arm|d |
| 020 ## - INTERNATIONAL STANDARD BOOK NUMBER |
| International Standard Book Number |
9993021482 |
| 040 ## - CATALOGING SOURCE |
| Original cataloging agency |
SEM |
| Transcribing agency |
SEM |
| 041 ## - LANGUAGE CODE |
| Language code of text/sound track or separate title |
arm. |
| 080 ## - UNIVERSAL DECIMAL CLASSIFICATION NUMBER |
| Universal Decimal Classification number |
930.27(47.925)(075.8)/Գ-88 |
| 100 ## - MAIN ENTRY--PERSONAL NAME |
| Personal name |
Գրիգորյան Գրիգոր Մեսրոպի |
| Fuller form of name |
(Григорян Григор Месропович) |
| Dates associated with a name |
(1930-2018) |
| 245 ## - TITLE STATEMENT |
| Title |
Հայկական վիմագրություն : |
| Remainder of title |
Համառոտ ձեռնարկ բուհերի պատմության և բանասիրության ֆակուլտետների համար / |
| Statement of responsibility, etc. |
Գր. Գրիգորյան; Խմբ.՝ Հ. Մարգարյան; ՀԳԱԱ Հնագիտության և ազգագրության ինստիտուտ; ԵՊՀ |
| 246 ## - VARYING FORM OF TITLE |
| Title proper/short title |
Армянская эпиграфика |
| Remainder of title |
Учебное пособие для вузов / |
| 260 ## - PUBLICATION, DISTRIBUTION, ETC. |
| Place of publication, distribution, etc. |
Երևան : |
| Name of publisher, distributor, etc. |
Զանգակ-97, |
| Date of publication, distribution, etc. |
2000. |
| 300 ## - PHYSICAL DESCRIPTION |
| Extent |
207 էջ ; |
| Dimensions |
20 սմ |
| 504 ## - BIBLIOGRAPHY, ETC. NOTE |
| Bibliography, etc. note |
Ծանոթագր.՝ էջ 181-196; Հանձնարարվող գրակ. ցանկ՝ էջ 197-197; Օգտ. գրակ. ցանկ՝ էջ 198-204 |
| 650 ## - SUBJECT ADDED ENTRY--TOPICAL TERM |
| Topical term or geographic name entry element |
Հայկական վիմագրություն |
| General subdivision |
ձեռնարկ |
| 653 ## - INDEX TERM--UNCONTROLLED |
| Uncontrolled term |
ՍԷՄ |
| 700 ## - ADDED ENTRY--PERSONAL NAME |
| Personal name |
Մարգարյան, Հայրապետ |
| Relator term |
խմբ. |
| Relationship |
edt. |
| 710 ## - ADDED ENTRY--CORPORATE NAME |
| Corporate name or jurisdiction name as entry element |
ՀԳԱԱ Հնագիտության և ազգագրության ինստիտուտ; |
| 710 ## - ADDED ENTRY--CORPORATE NAME |
| Corporate name or jurisdiction name as entry element |
ԵՊՀ |
| 942 ## - ADDED ENTRY ELEMENTS (KOHA) |
| Source of classification or shelving scheme |
Universal Decimal Classification |
| Koha item type |
Գրքեր/Books |